000 00984cam a22003257a 4500
001 000024082
003 CHAP
005 20220329134619.0
008 971013s1939 r 00010 d
010 _a23036
011 _a24008
035 _a28107
040 _cCHAP
090 _aFolleto 5197
100 0 0 _aAvilez, Ignacio.
_98860
245 1 4 _aLos cargos fijos en la operación de maquinaria.
260 _aMéxico, D.F. :
_bComisión Nacional de Irrigación,
_c1939.
300 _a26 p. :
_b; gráfs.
590 _aBATCH-UPD
_b10
_c20130110
_lUCH01
_h0233
590 _aBATCH-UPD
_b10
_c20130110
_lUCH01
_h2224
590 _aBATCH-UPD
_b10
_c20130410
_lUCH01
_h1521
590 _aBATCH-UPD
_b10
_c20130914
_lUCH01
_h0457
590 _aCONVERSION
_b10
_c20130109
_lUCH01
_h1314
590 _aE11695DGD
_b10
_c20150515
_lUCH01
_h1335
590 _aE11695DGD
_b10
_c20150515
_lUCH01
_h1336
650 1 4 _aMaquinaria
_xValoración.
_971149
901 _aBK
942 _cFOLL
942 _n0
999 _c23036
_d23036